000 00651nam a22002417a 4500
003 UA-OsUOA
001 537
007 ta
008 20050608b un ||||| |||| 00| 0 ukr d
100 _aІванцов І. О.
090 _a94(477-25)
_bІ-23
942 _cBK
040 _aUA-OsUOA
_bukr
_cUA-OsUOA
_dUA-OsUOA
245 _aСтародавній Київ
_cЗа ред. Павленка Ю. В.
300 _a255 с.
955 _a2
041 _aukr
080 _a94(477-25)
020 _a966-651-117-7
260 _aК.
_bФенікс
_c2003
650 7 _a9 Географія. Біографії. Історія
_2UDC
999 _c286703
_d286703